000 00333nam a2200133Ia 4500
008 191201s2018 xx 000 0 und d
100 _aHANDA,SS AND KAPOOR, VK
245 0 _aTextbook of Pharmacognosy
250 _a2nd
260 _bVallabh Prakashan
_aNew Delhi
_c2018
300 _a400
650 _aPharmacognosy
942 _2ddc
_cBK
999 _c8252
_d8252